000 01019nas a2200313 4500
001 BR9207067
003 BR-BrBNA
005 20231205100452.0
007 ta
008 230509b bl.|||p| |||| 00| 00por d
040 _aBR-BrBNA
_bpor
_cBiblioteca Nacional de Agricultura
041 _a(Pt)
072 _aH20
100 1 _aCosta, G.O.
100 1 _aReifschneider, F.J.B.
245 1 _aInoculacao multipla e tecnicas de avaliacao de reacao de capsicum a tres patogenos: virus e da batata, Phytophtora capsici e Xanthomonas campestris pv. vesicatoria - uma proposta
650 _aPimentao
650 _aVirus
650 _aFungo
650 _aBacteria
650 _aMosaico
650 _aRequeima
650 _aPustula Bacteriana
650 _aInoculacao
650 _aDoenca de Planta
773 0 _tAnais da Escola Superior de Agricultura Luiz de Queiroz (Brazil)
_xISSN 0071-1276
_g(Jan-Dec 1988), v. 18(1) p. 53-57
_wBR9207067
909 _a202311
_bLúcia
_c55
_dLúcia Elande
942 _2AGRIS
_n0
_cANA
999 _c156203
_d156203